000 00732nam a2200229Ii 4500
003 JO-AjNU
008 230605s9999||||xx |||||||||||||| ||und||
017 _a2015/2/697
020 _a978-9957-585-53-2
040 _aJO-AjNU
_bara
_erda
_cJO-AjNU
041 _aara
050 1 4 _aPJ7541 2015
100 3 _aالمصري، حربي طعمة,
_eauthor
_949112
245 0 0 _aبيوت الطين: شعر
250 _aط1
264 3 1 _aعمان: الآن ناشرون وموزعون، 2015 ؛ عمان: أزمنة للنشر والتوزيع، 2015
300 _a120ص
336 _atext
_btxt
_2rdacontent
337 _aunmediated
_bn
_2rdamedia
338 _avolume
_bnc
_2rdacarrier
650 4 _aالشعر العربي
_949113
999 _aA21551
_c25119
_d25119